000
00259 a2200109 4500
000
nam a22 7a 4500
005
20260306132444.0
020
_a
9788193975008
245
_a
Competition Success Review Yearbook 2025
260
_b
CSR
_c
2025
942
_c
TEXL
999
_c
1688508
_d
1688508